| 000 | 00944nam0a2200265 4500 | ||
|---|---|---|---|
| 001 | RU\NLR\BIBL_A\012041837 | ||
| 005 | 20250626173702.0 | ||
| 035 | _a(NLR Aleph) 012041837 | ||
| 090 |
_a11606660 _c11606660 |
||
| 100 | _a20190624d1931 |||y0rusy50 ca | ||
| 101 | 0 | _ainh | |
| 102 | _aRU | ||
| 105 | _aa z 000 y | ||
| 200 | 1 |
_aДоахан бакIахь а деттар и шура лелаяр и _fИгнатов-Ейский _gтаржам Овша н М. |
|
| 210 |
_aОрджоникидзе _cСердало _d1931 |
||
| 215 |
_a71 с. _cил. _d20 |
||
| 300 | _aЛатин. графика | ||
| 541 | 1 |
_aПравильное доение коров и обращенние с молоком _zrus |
|
| 606 | 1 |
_aДоение _91158698 _3RU\NLR\AUTH\66463327 |
|
| 686 | 1 | _aП60-642 | |
| 700 | 1 |
_aИгнатов-Ейский _4070 |
|
| 852 |
_aNLR _bОНЛ _jИнгуш./2-91 |
||
| 942 | _cBOOK | ||
| 980 | _aNB | ||